|
|
|
|
| LEADER |
01914nam a22003497a 4500 |
| 001 |
34033 |
| 003 |
BD-DhAAL |
| 005 |
20211109120314.0 |
| 008 |
181128t2018 ii a|||| b||| 00| 0 eng d |
| 999 |
|
|
|c 40160
|d 40160
|
| 020 |
|
|
|a 9788192107554
|
| 040 |
|
|
|a BD-DhAAL
|
| 082 |
|
|
|a 005.1
|2 23
|
| 100 |
|
|
|a Karumanchi, Narasimha
|9 29075
|
| 245 |
|
|
|a Data structures and algorithms made easy in java :
|b data structure and algorithmic puzzles /
|c Narasimha Karumanchi
|
| 250 |
|
|
|a 2nd edition
|
| 260 |
|
|
|a India :
|b CareerMonk Publications,
|c c2018
|
| 300 |
|
|
|a 449 [1] pages :
|b illustratons ;
|c 28 cm.
|
| 500 |
|
|
|a Originally published in 2015, 435 pages.
|
| 504 |
|
|
|a Includes bibliographical references.
|
| 520 |
|
|
|a Introduction.--Recursion and backtracking.--Linked lists.--Stacks.--Queues.--Trees.--Priority queues and Heaps.--Disjoint set ADT.--Graph algorithms.--Sorting.--Searching.--Selection algorithms [Medians].--Symbol tables.--Hashing.--String algorithms.--Algorithms design techniques.--Greedy algorithms.--Divide and conquer algorithms.--Dynamic programming.--Complexity classes.--Miscellaneous concepts.--References.
|
| 526 |
|
|
|a BBS
|
| 541 |
|
|
|a Trim Education
|e 34033, 34034
|
| 650 |
|
|
|a Data structures (Computer science).
|9 29076
|
| 650 |
|
|
|a Computer algorithms.
|9 29077
|
| 650 |
|
|
|a Computer programming.
|9 29078
|
| 650 |
|
|
|a Employment interviewing.
|9 29079
|
| 650 |
|
|
|a Computer science.
|9 42476
|
| 852 |
|
|
|a Ayesha Abed Library
|c General Stacks
|
| 942 |
|
|
|2 ddc
|c BK
|
| 952 |
|
|
|0 0
|1 0
|2 ddc
|4 0
|6 005_100000000000000_KAR
|7 0
|9 64706
|a BRACUL
|b BRACUL
|c GEN
|d 2018-11-20
|e Trim Education
|g 960.00
|l 17
|m 125
|o 005.1 KAR
|p 3010034034
|r 2026-05-20
|s 2025-10-14
|t 2
|v 960.00
|w 2018-11-20
|y BK
|
| 952 |
|
|
|0 0
|1 0
|2 ddc
|4 0
|6 005_100000000000000_KAR
|7 0
|9 64707
|a BRACUL
|b BRACUL
|c GEN
|d 2018-11-20
|e Trim Education
|g 960.00
|l 12
|m 152
|o 005.1 KAR
|p 3010034033
|q 2026-06-02
|r 2026-02-23
|s 2026-02-23
|t 1
|v 960.00
|w 2018-11-20
|y BK
|